[Event "Belgrade Investbank"]
[Site "Belgrade"]
[Date "1995.??.??"]
[Round "9"]
[White "Ivanchuk, Vassily"]
[Black "Topalov, Veselin"]
[Result "0-1"]
[WhiteElo "2740"]
[BlackElo "2670"]
[Annotator "Schulz,Andre"]
[PlyCount "48"]
[EventDate "1995.11.??"]
[EventType "tourn"]
[EventRounds "11"]
[EventCountry "YUG"]
[EventCategory "17"]
[SourceTitle "CBM 051"]
[Source "ChessBase"]
[SourceDate "1996.04.01"]
[SourceVersion "1"]
[SourceVersionDate "1996.04.01"]
[SourceQuality "1"]

1. e4 c5 2. Nf3 d6 3. d4 cxd4 4. Nxd4 Nf6 5. Nc3 g6 6. Be3 Bg7 7. f3 Nc6 8. Qd2
O-O 9. Bc4 (9. O-O-O {ist die Hauptalternative. 9.Bc4 verhindert d6-d5, was
nach 9.0-0-0 möglich ist.}) 9... Bd7 10. h4 Rc8 11. Bb3 h5 12. O-O-O Ne5 13.
Bg5 Rc5 {Dieser starke Zug, 1976 von Sosonko entdeckt, hat die Popularität der
Verteidigung mit ...h5 begründet. Schwarz bereitet b7-b5 vor, der Turm greift
auf der 5.Reihe in das Geschehen ein, indem er z.B. den Bauern h5 indirekt
überdeckt und nach Wegzug der Dame nach a5, b6 oder b8 ist die Möglichkeit zur
Turmverdoppelung mit ...Tfc8 gegeben.} 14. g4 {Häufiger wird stattdessen der
wartende Vorbereitungszug 14.Kb1 gespielt.} hxg4 15. f4 Nc4 16. Qe2 {16.Bxc4
oder 16.Qd3 kommt ebenfalls vor.} Qc8 $5 {Die neueste Mode in der
Drachenvariante in diesem Abspiel. Schwarz deckt den Nc4, verstärkt den Druck
auf der c-Linie, droht Nxb2 und kontrolliert die Diagonale c8-h3 mit den
wichtigen Schlüsselfeldern e6, f5 und g4. Der Nachteil des Zuges liegt in
einer Schwächung des Feldes e7, besonders wenn dort ein Springer hingelangt.
Früher war statt 16...Qc8 der Bauernzug b7-b5 obligatorisch. Übrigens kann die
gleiche Stellung mit eingeschobenem Zugpaar Kb1 und b7-b5 entstehen.} 17. Bxf6
(17. f5 {Das ist die Stammpartie der Idee ...Qc8} e5 18. Ndb5 Bxb5 19. Nxb5
Rxb5 20. Bxf6 Bxf6 21. Bxc4 Rb4 22. Bd5 gxf5 23. Rdf1 f4 {mit unklarem Spiel
und späterem 0-1 in Yudasin,L-Tiviakov,S/Groningen PCA (04) ;CBM 39 1993 (52)})
17... Bxf6 18. Nd5 $2 {Fragwürdig, denn nun bekommt Schwarz die Möglichkeit
zum folgendem "Opfer" eingeräumt. Möglicherweise hat Ivanchuk hier die
Varianten verwechselt und die Stellung im Sinn gehabt, die nach
eingeschaltetem 18.Bxc4 Rxc4 19.Nd5 entsteht. Dort ist der Springerzug stärker,
denn die Möglichkeit des Opfers gibt es nicht, weil der Rc5 nun auf c4 steht.
Dies würde auch erklären, warum er frustriert schon im 24.Zug aufgibt.} (18.
Bxc4 Rxc4 19. Nd5 Re8 (19... Be6 {Danailov ist übrigens der Trainer von
Topalov.} 20. Nxf6+ exf6 21. f5 (21. h5 $142 $1 g5 22. fxg5 fxg5 23. Nb5 $16 (
23. h6 $16)) 21... Bd7 22. Rhg1 (22. Qxg4 Qc5 23. c3 Rxc3+ 24. bxc3 Qxc3+ 25.
Kb1 Qb4+ 26. Ka1 (26. Nb3 Bxf5 $19) 26... Qc3+ $10) (22. Kb1 Re8 23. Qxg4 Qc5
24. c3 Rxe4 25. Qxe4 Bxf5 $19) 22... Qc5 23. Qf2 Rc8 24. Rd2 Ra4 25. Kb1 gxf5
26. exf5 Rxd4 27. Rxd4 Bxf5 28. Rg2 Qe5 29. Rd2 Rc4 30. Rg1 {1/2-1/2 Hamdouchi,
H-Danailov,S/Sitges op ;EXT 94op 1994}) 20. e5 (20. h5 g5 21. e5 Rc5 22. Qe4 (
22. exf6 Rxd5 23. fxe7 gxf4 24. Qe4 Re5 25. Qxf4 R8xe7 26. Qf6 Kh7 27. h6 Qg8
28. Qxd6 $13) 22... Be6 23. Nxe6 Qxe6 {1/2-1/2 Almasi,I-Payen,A/Budapest
Cansys IM-Nov (09) ;EXT 91 1991}) 20... dxe5 (20... Bg7 21. h5) (20... Rc5 21.
exf6 (21. Nxf6+ exf6 22. Nb3 Rc6 $19) (21. Nb3 Rxd5 22. Rxd5 Bc6 $19) (21. Qe4
dxe5 22. fxe5 Bf5 23. Nxf5 gxf5 24. Nxf6+ exf6 $19) 21... Rxd5 22. fxe7 Be6 23.
Nxe6 Rxd1+ 24. Rxd1 Rxe7 (24... Qxe6 25. Qxe6 fxe6 26. Rxd6 Rxe7 $13) 25. Qxg4
Qxe6 26. Qxe6 Rxe6 $17) 21. fxe5 Bg7 22. h5 Bf5 (22... Qc5 23. e6) 23. h6 Bh8
24. h7+ Kf8 25. Qh2 Rd8 26. Nxf5 gxf5 (26... Qxf5 27. Qh6+ Ke8 28. Nc7+ Rxc7
29. Qf8+ Kxf8 30. Rxd8+ Kg7 31. Rg8#) 27. Qh6+ Ke8 28. Qg5 $18) 18... Rxd5 $1 {
Hier gibt der Drachenspieler ohne Nachdenken die Qualität und sagt "Danke".
Der Drachenläufer bleibt erhalten und der gefährliche Nd5 verschwindet vom
Brett. In der Philosophie des Drachenspielers ist dies auch kein Opfer,
sondern ein ganz normaler Tausch.} 19. exd5 b5 {Mit der Idee a7-a5-a4 folgen
zu lassen und den Bb3 in Schwierigkeiten zu bringen. Außerdem entstehen durch
die vorgerückten b- und a-Bauern eine Menge Hebel gegen die weiße
Königstellung, um das Läuferpaar zur Geltung zu bringen. Der schwarze Plan
dauert zwar ein paar Züge, aber Weiß muß etwas unternehmen, um nicht unter die
Räder zu kommen.} 20. h5 g5 {Vermeidet die Öffnung der h-Linie. Ein wichtiges
Motiv in dieser und ähnlichen Stellungen.} 21. fxg5 Bxg5+ 22. Kb1 {Nun ist
wieder eine für die Drachenvariante ganz typische Stellung entstanden. Als
Resultat der weißen Angriffsbemühungen hat Schwarz Spielmöglichkeiten am
Königsflügel erhalten. Der folgende Vorstoß des f-Bauern verhindert eine
Einschnürung am eigenen Königsflügel und bildet ein gefährliches
Freibauernpaar, das die Partie im Endspiel zugunsten von Schwarz entscheidet.
Schwarz muß nun noch aufpassen, daß dem etwas luftigen K nichts geschieht und
wird ansonsten möglichst Abtausch anstreben. Gelegentliche Angriffdrohungen
gegen den weißen K werden die Angelegenheit unterstützen.} f5 23. Rd3 $6 (23.
h6 {ist vielleicht noch ein Angriffsversuch.} f4 {leistet mehr als Königszüge}
(23... Kh8 $6 24. Rh5 (24. h7 f4 25. Ne6 Bxe6 26. dxe6 f3 27. Qe4 Ne5 28. Rh5
Bf6 $17 {Die schwarze Position um den König ist fest und man kann daran denken,
nach Verbesserung der Damenstellung, die Freibauern vorzuscheiben.}) 24... Bf6
25. Bxc4 {Der Läufer hat keine große Perspektive.} bxc4 (25... Qxc4 26. Qxc4
bxc4 27. Nxf5 $16) 26. c3 f4 27. Ne6 Bxe6 28. dxe6 f3 29. Qe4 $18 {mit stark
eingeschränktem Spiel für Schwarz, die Bauern g4,f3 und c4 sind sehr schwach.})
(23... Kh7 $2 24. Rh5 Bf6 (24... Rg8 25. Rxg5 Rxg5 26. Qxe7+ $18) 25. c3 $18 {
/\ 26.Bc2 Der weißfeldrige Läufer erwacht zum Leben und der Pf5 geht verloren.}
) 24. h7+ (24. Bxc4 Qxc4 25. h7+ Kh8 26. Qxc4 bxc4 $19 {Die Freibauern und das
Läuferpaar machen das Rennen.}) 24... Kh8 25. Ne6 Bxe6 26. dxe6 Ne3 27. Rdg1
Qc5 $17 {Schwarz steht gut, auch wenn die technische Realisierung des Vorteils
bestimmt noch mit taktischen Schwierigkeiten verbunden ist.}) (23. Ne6 $2 Bxe6
24. Bxc4 bxc4 (24... Qxc4 $2 25. Qxe6+ Kh8 26. Rhf1 $18 {Schwarz verliert den
Bauern f5 oder g4.}) 25. dxe6 Rf6 $19 {Weiß hat kein Spiel.}) (23. Bxc4 $2 Qxc4
24. Qxc4 bxc4 $19 {Weiß ist chancenlos.}) (23. Rhg1 $5 {Knaak; ist wohl noch
der beste Zug.} f4 24. Bxc4 bxc4 (24... Qxc4 $2 25. Rxg4 Bxg4 26. Qxg4 $18) 25.
Qe4 Kh8 (25... Rf6 $2 26. Qxe7 $18) 26. Ne6 Bxe6 27. dxe6 g3 28. Rd5 Bh6 {
und Weiß hat auch hier Mühe, Gegenspiel gegen die drohenden Freibauern zu
finden, z.B.} 29. Rf5 Rxf5 30. Qxf5 Qc5 31. Qxc5 dxc5 32. c3 Kg7 33. Kc2 Kf6
34. Kd1 Kg5 35. Ke2 Kg4 $19) 23... f4 24. Bxc4 Qxc4 {und hier gab Weiß auf.
Gute Güte!. Sicher hat Schwarz im mächtigen Freibauernpaar weit mehr als
Kompensation für die Qualität, aber ist es wirklich schon so schlimm?} (24...
Qxc4 25. Qg2 {verhindert f4-f3.} Kh8 (25... f3 $2 26. Nxf3 $18) (25... Bh6 $2 {
um mit folgenden Kh8 den Vorstoß des f-P vorzubereiten.} 26. Re1 Rf7 27. Qe4
Bg7 (27... Rg7 28. Rc3 Qb4 29. Rc7 $18 {wohin mit dem Bd7?}) 28. h6 Bxh6 29.
Rc3 Qa4 30. Rc7 b4 31. b3 $18 {gewinnt den Bd7}) 26. Re1 (26. Qe4 $2 Bf5 $19) (
26. b3 Qc5 27. Rg1 (27. Ne6 Bxe6 28. dxe6 g3 {und Weiß muß nicht nur auf die
Freibauern aufpassen, sondern auch auf Gefahren auf der langen Diagonalen
h8-a1 achten.} 29. Rf1 (29. Rd5 f3 $19) 29... Bh6 30. Rd5 Qc3) 27... Bf6 28.
Qe4 Be5 $19 {Weiß hat kein Gegenspiel gegen die schwarzen Freibauern.}) 26...
b4 $1 {verhindert die Möglichkeit Rc3 und läßt sich Zeit, den Vorteil in Ruhe
zu realisieren. Was soll Weiß jetzt machen?} (26... Bf5 $2 {verliert sofort}
27. Nxf5 Rxf5 28. Qxg4 Rxd5 29. Rxd5 Qxd5 30. Rg1 $18) (26... f3 $2 {führt zu
forciertem Remis} 27. Nxf3 Rxf3 28. Rxf3 gxf3 29. Qxg5 f2 30. Qh6+ Kg8 31. Qg5+
$10 {mit ewigem Schach.}) 27. Qe4 (27. Ne6 Bxe6 28. Rxe6 f3 29. Qf2 g3 30. Qxg3
f2 $19) 27... Bf5 $1 {einfach und klar.} 28. Nxf5 Qxe4 29. Rxe4 Rxf5 $19 {
und gegen das Vorrücken der Freibauern gibt es keinen Verteidigung mehr.}) 0-1

[Event "Bundesliga 9899"]
[Site "Germany"]
[Date "1998.10.17"]
[Round "1.4"]
[White "Volke, Karsten"]
[Black "Reschke, Stefan"]
[Result "1/2-1/2"]
[WhiteElo "2460"]
[BlackElo "2380"]
[Annotator "Sievers,S"]
[PlyCount "69"]
[EventDate "1998.10.17"]
[EventType "team-tourn"]
[EventRounds "15"]
[EventCountry "GER"]
[SourceTitle "GER-chT"]
[Source "ChessBase"]
[SourceDate "1999.07.01"]
[SourceVersion "1"]
[SourceVersionDate "1999.07.01"]
[SourceQuality "1"]
[WhiteTeam "Duisburg"]
[BlackTeam "Bochum"]
[WhiteTeamCountry "GER"]
[BlackTeamCountry "GER"]

1. e4 c5 2. Nf3 d6 3. d4 cxd4 4. Nxd4 Nf6 5. Nc3 g6 6. Be3 Bg7 7. f3 Nc6 8. Qd2
O-O 9. Bc4 Bd7 10. O-O-O Ne5 11. Bb3 Rc8 12. h4 h5 13. Bg5 Rc5 14. Kb1 (14.
Rhe1 Qa5 15. Kb1 Re8 {führt zur vielleicht kritischen Stellung in dieser
Variante. Der alte Zug 16.f3-f4 basiert im wesentlichen auf einer Falle,
reicht aber bei bestem Spiel von Schwarz nicht zum weißen Vorteil. Dagegen
dürfte auch Anands Zug 16.a3 entgegen ersten vorschnellen Urteilen Weiß kein
Vorteil versprechen.} 16. f4 {[#]} (16. a3 Qa6 $1 $146 {Das ist viel besser
als das unverständige b7-b5. Schwarz nimmt die Dame von der Diagonalen a5-e1,
um nach weißem Nd5 nicht wegen der ungedeckten Qa5 auf d2 schlagen zu müssen.
Nun ist 17...b7-b5 möglich und der Bauer auf a3 wird nach b5-b4 zur
Angriffsmarke.} (16... b5 $2 {Diesen Zug zu provozieren war die Idee von 16.a3.
Die Verbindung von Turm und Dame wird für einen kurzen Moment unterbrochen,
den Weiß zur durchführung eines Standardmanövers nutzt.} 17. Bxf6 $1 exf6 18.
Nde2 $1 $16 {Anand,V-Kasparov,G/New York 1995}) 17. f4 Nc4 18. Bxc4 $6 (18. Qd3
$5 b5 (18... Rec8 19. Bxf6 Bxf6 20. Nd5) 19. Bxf6 Bxf6 20. Nd5 Bg7 21. f5 $13)
18... Rxc4 $15 {1/2-1/2 Smirin,I-Hodgson,J/Ischia 1996 (24)}) 16... Nc4 $1 (
16... Neg4 $2 {Auf diesem Zug, der in ähnlichen Abspielen durchaus nicht
ungewöhnlich ist, beruht die weiße Falle. Das nun folgende Manöver ist
sehenswert. [#] Danach kommt Schwarz forciert in Verluststellung.} 17. e5 $1
dxe5 18. Bxf7+ Kxf7 19. Nb3 Qc7 20. Nxc5 Qxc5 21. Bxf6 (21. fxe5 $5 Nxe5 22.
Qf4 $1 {sollte auch für den Gewinn ausreichen.}) 21... Bxf6 (21... Nxf6 22.
fxe5 Bg4 23. exf6 Bxd1 24. fxg7 Bg4 25. Ne4 $16 {Boudre-Koch, Royan 1987}) 22.
Qxd7 Ne3 23. fxe5 $18 {Varavin,V-Brodsky,M/Perm 1997}) 17. Bxc4 (17. Qd3 $5 b5
$13) 17... Rxc4 18. Bxf6 Bxf6 19. Nd5 Qxd2 20. Nxf6+ exf6 21. Rxd2 f5 {Dank
dieser Fesselung hat Schwarz keine Schweirigkeiten} 22. b3 Rc3 23. Rd3 Rxd3 24.
cxd3 fxe4 25. dxe4 Bf5 26. Nxf5 gxf5 27. e5 {1/2-1/2 Beliavsky,A-Georgiev,K/
Wijk aan Zee 1985}) 14... Re8 {Diese frühere Nebenvariante zum alten 14...b5
entwickelt sich immer mehr zur Mode. Die Idee des Zuges ist, daß Schwarz der
Ansicht ist, die Einschaltung der Züge 14.Kb1 Te8 komme ihm im Vergleich zu
anderen weißen 14. Zügen zu Gute.} (14... b5 15. g4 a5 16. Bxf6 Bxf6 17. gxh5
a4 18. Bd5 e6 19. hxg6 exd5 20. h5 Bg5 21. f4 {führt zu völlig unklaren
Stellungen, die für beide Parteien hohe Risiken in sich bergen.}) 15. Rhe1 (15.
g4 $6 {spielt Schwarz in die Hände. Will Weiß g2-g4 spielen, so sollte er dies
gleich im 14.Zug tun.} hxg4 16. h5 (16. Bxf6 Bxf6 17. f4 Nc4 18. Bxc4 Rxc4 19.
e5 dxe5 20. fxe5 Bxe5 21. Nde2 Rc7 22. h5 e6 23. hxg6 Qf6 $17 {Bremond,E-Koch,
J/FRA-chT 1989}) 16... Nxh5 17. f4 Nc4 18. Qd3 b5 19. f5 Qa5 {mit gutem
schwarzen Spiel}) (15. Bh6 {[#] Dieser Zug wird in letzter Zeit wieder
häufiger versucht, nachdem einige Weißspieler bemerkt haben, daß die Theorie
zu diesem Zug grob falsch ist. Seit der Partie Finn-Mestel galt 15.Lh6 als
schlecht, doch die Partie war keineswegs überzeugend.} Qa5 $5 (15... Bh8 $6 16.
g4 a5 (16... hxg4 $2 {Hier verliert dieser Zug, der in anderen Varianten die
Regel ist.} 17. h5 $1 Nxh5 (17... gxh5 18. Qg5+ Kh7 19. Rxh5 $1) 18. Rxh5 gxh5
19. Qg5+ Kh7 20. Qxh5 $18) 17. gxh5 Nxh5 18. f4 Ng4 19. f5 $1 Rxc3 (19... Bxd4
$5 20. fxg6 Be6 $13) 20. bxc3 a4 {[#] und in dieser Stellung hätte Weiß den
Sack zumachen können.} 21. Bxf7+ (21. fxg6 axb3 22. gxf7+ Kxf7 $13 {0-1 Finn,
S-Mestel,A/Hastings 1991}) 21... Kxf7 22. Qg5 Ne5 (22... Rg8 23. Qxg4 Nf6 24.
Qf3 $16) 23. fxg6+ Kg8 24. Qxh5 Bg4 25. Qg5 Bf6 26. Qc1 $16) (15... Nc4 $5 16.
Bxc4 Rxc4 17. Bxg7 Kxg7 18. Rhe1 Qa5 19. Nb3 Qc7 20. Nd5 Nxd5 21. exd5 Rxh4 $6
(21... Bf5 22. Nd4 Qd7 $13) (21... e5 22. dxe6 Rxe6 23. Rxe6 Bxe6 $11) 22. Nd4
Qc5 23. g3 Rh3 24. Qg2 Qxd5 25. Ne6+ Qxe6 26. Rxe6 Bxe6 $13 {1-0 Polzin,
R-Reschke,S/Germany}) 16. Bxg7 Kxg7 17. Rhe1 $13 {1-0 Enders,P-Adla,D/Cappelle
la Grande 1997}) 15... Qc8 $5 $146 {Mit diesem Zug geht Schwarz neue Wege.
dazu bestand allerdings kein Anlaß, da die Varianten 15...Da5 und 15...b5 für
Schwarz befriedigend sind.} (15... Qa5 $1 {führt zur Partie Anand-Kasparov}) (
15... b5 $5 16. f4 Nc4 17. Bxc4 bxc4 $1 (17... Rxc4 $2 18. e5 b4 $1 19. Ncb5
Nd5 $1 (19... Qb6 $2 20. b3 Rc5 21. Nxd6 $16 {1/2-1/2 Justnes,A-Sievers,S/Gent
1990}) 20. Qd3 $1 (20. Nxd6 Nc3+ $1 21. bxc3 bxc3 $17) 20... Qc8 21. e6 $1 Bxe6
22. Nxe6 fxe6 23. Nxa7 $18) 18. e5 Qb6 19. exf6 (19. Bxf6 exf6 20. exd6 Rb8 21.
Qc1 f5 22. Re7 Rb7 {und Schwarz hat gutes Spiel gegen den weißen König.}) 19...
Rb8 20. Qc1 exf6 21. Re7 Qd8 22. Qe3 fxg5 23. hxg5 Re5 $6 (23... Qb6 24. Qc1
Bg4 $19) 24. Rxe5 dxe5 25. Nc6 exf4 $13 {0-1 Glimbrant,T-Komljenovic,D/Andorra}
) (15... Qc7 $2 16. Bxf6 Bxf6 (16... exf6 17. f4 Nc4 18. Bxc4 Rxc4 19. Ndb5 $16
) 17. Nd5 $16) 16. Nd5 (16. f4 {Dieser Zentrumsdurchbruch ist die eigentliche
Idee des weißen Aufbaus. Es scheint jedoch so, als ob auch hier die
Einschaltung der Züge Kb1 und Te8 eher dem schwarzen zugute kommt.} Nc4 17.
Bxc4 (17. Qd3 Bg4 18. Nf3 $2 (18. Rc1 Nh7 $5) 18... Nxb2 $19) 17... Rxc4 18. e5
Nh7 {und auch hier zeigt sich, daß der weiße Zentrumsdurchbruch weniger
Wirkung zeigt, wenn der Bauer e7 gedeckt ist.}) 16... Nxd5 17. exd5 a5 18. a4 (
18. f4 a4 (18... Nc4 19. Qd3 (19. Bxc4 Rxc4 20. Nb3 f6) 19... Bxd4 20. Qxd4 f6
$17) 19. fxe5 dxe5 20. Bxa4 Bxa4 21. Nb3 Bxb3 22. axb3 Qc7 $15) 18... Nc4 $1 (
18... b5 $5 19. axb5 Bxb5 20. Nxb5 (20. f4 Nc4 21. Bxc4 Bxc4 $17) 20... Rxb5 {
[#]  und dank der halboffenen b-Linie in Verbindung mit der Drohung 21...Sc4
scheint Schwarz klaren Vorteil zu haben.} 21. Re4 Qb7 22. Rde1 (22. Ra4 Rc8 $17
) 22... Rc8 {mit der Idee Sc4} 23. Qe2 Rxb3 24. cxb3 Qxb3 {und Schwarz hat
mehr als ausreichende Kompensation für die geopferte Qualität}) 19. Qd3 (19.
Qe2 Nb6 $17) 19... Rxd5 $2 {wirft den Vorteil weg und führt zu einem
ausgeglichenen Endspiel. Dabei hätte Schwarz mit natürlichen Zügen seinen
Angriff aufrecht erhalten können.} (19... b5 $1 20. axb5 (20. Bxc4 bxc4 {
und Schwarz bekommt starken Angriff in der b-Linie}) 20... Bxb5 21. Nxb5 Nxb2
22. Qe2 a4 $1 23. Ba2 (23. Nxd6 Nxd1 $1 $19) 23... Qb8 $1 (23... Nc4 24. Kc1
Bb2+ 25. Kb1 Rxb5 26. Qxc4 Qb8 27. Qxa4 Rb4 $19) 24. c4 Rec8 {und Schwarz
gewinnt nicht nur den Bauern c4, sondern auch die Partie.}) 20. Qxc4 Qxc4 21.
Bxc4 Rxd4 22. Rxd4 Bxd4 23. Rxe7 Rxe7 24. Bxe7 {Dieses Endspiel bietet keiner
Seite reale Gewinnchancen. Die Partie endete folgerichtig auch bald friedlich.}
Bxa4 25. Bd5 b6 26. Bxd6 Bf2 27. g3 Kg7 28. Kc1 Be3+ 29. Kd1 Bb5 30. Be5+ f6
31. Bc3 Bf2 32. Be1 Bd4 33. b3 Bc5 34. Bd2 Bf2 35. Be1 1/2-1/2